000 01245nam a2200301 i 4500
003 DO-SdBNP
005 20250611073819.0
007 ta
008 240820s2023 dr abdo 000 j spa d
040 _aDO-SdBNP
_bspa
_cBNPHU
_erda
082 _222
_bR426p
110 1 _aRepública Dominicana.
_bMinisterio de Salud Pública
_980830
245 1 0 _aPlan estratégico nacional de salud 2030 /
_cfotografías, imágenes y mapas Carlos González, Kerman Rodríguez, Odalys Tineo, Paola Smairy Rochit
264 1 _aSanto Domingo :
_bMinisterio de Salud Pública,
_c2023.
300 _a341 páginas,
_bilustraciones, mapas, gráficas, fotografías
_c31 cm.
336 _2rdacontent
_atexto
_btxt
337 _2rdamedia
_asin mediación
_bn
338 _2rdacarrier
_avolumen
_bnc
504 _aBibliografía p: 338-341.
590 _aInventariado, 2024/ YL
650 4 _aTuberculosis
_xTratamiento
_979001
700 _aGonzález, Carlos
_efotografías, imágenes y mapas
_956098
700 _aRodríguez, Kerman
_efotografías, imágenes y mapas
_986367
700 _aTineo, Odalys
_efotografías, imágenes y mapas
_986368
700 _aSmairy Rochit, Paola
_efotografías, imágenes y mapas
_986369
910 _aYLockward
942 _2ddc
_cLBS1
999 _c57500
_d57500